Najmniejsze Miasta Powiatowe - Statystyki

Ogólne statystyki
  • Ten quiz został rozwiązany 91 razy
    60 od ostatniego zresetowania
  • Średni wynik to 7 z 21
Statystyki odpowiedzi
Miasto % Poprawnych
Sejny
64%
Lipsko
55%
Kazimierza Wielka
48%
Lesko
43%
Radziejów
43%
Łosice
41%
Ustrzyki Dolne
41%
Brzozów
39%
Przysucha
36%
Sępólno Krajeńskie
32%
Proszowice
30%
Góra
27%
Lwówek Śląski
27%
Mońki
27%
Opatów
27%
Sztum
23%
Białobrzegi
20%
Kamień Pomorski
20%
Pajęczno
20%
Opole Lubelskie
16%
Poddębice
16%
Nie znaleziono quizów pasujących do podanych kryteriów
Rozkład punktacji
Procent ludzi z każdym wynikiem
Percentyl według liczby udzielonych odpowiedzi
Twoja historia wyników
Nie rozwiązałeś tego quizu od ostatniego zresetowania